Numbers in a Haystack Quiz Stats

 Plays Quiz Updated Dec 28, 2013

Support Sporcle.
Go Orange.
Score 0/50 Timer 03:00
6 Plays Today
% Correct
17
83.1%
11
83.1%
14
83%
10
83%
12
82.9%
22
82.9%
44
82.9%
21
82.9%
31
82.8%
15
82.8%
01
82.7%
40
82.7%
27
82.7%
18
82.7%
13
82.7%
33
82.7%
50
82.7%
41
82.7%
37
82.6%
24
82.6%
45
82.6%
23
82.6%
47
82.6%
07
82.6%
19
82.6%
% Correct
32
82.6%
38
82.5%
20
82.5%
28
82.5%
34
82.5%
35
82.5%
16
82.5%
39
82.5%
25
82.4%
29
82.4%
42
82.4%
48
82.4%
30
82.4%
46
82.4%
36
82.4%
43
82.4%
26
82.4%
49
82.3%
08
82.2%
04
82.2%
09
82.2%
02
82.1%
06
82%
05
82%
03
82%

From the Vault

Movies by Beards

by ElectricalBrain

Movies 7m
The Movies by Stubble quiz is really just full of old pictures of Don Johnson and Colin Farrell.
Remove Ads.
Support Sporcle.
Get the best of Sporcle when you Go Orange. This ad-free experience offers more features, more stats, and more fun while also helping to support Sporcle. Thank you for becoming a member.

Show Comments

Extras

Top Quizzes Today


Score Distribution

Your Account Isn't Verified!

In order to create a playlist on Sporcle, you need to verify the email address you used during registration. Go to your Sporcle Settings to finish the process.

Report this User

Report this user for behavior that violates our Community Guidelines.

Details: